Loading...
| Literature - World | 0 | 2 | 0 | 0 | 20 | 45 | 67.50 | 1 | 2 | 9.02 | 20.37 |
| Mythology | 0 | 2 | 0 | 0 | 20 | 72 | 77.00 | 0 | 1 | 7.20 | 17.59 |
| Science - Biology | 0 | 2 | 0 | 0 | 20 | 24 | 42.00 | 1 | 1 | 13.80 | 17.59 |
| History - American | 0 | 1 | 0 | 0 | 10 | 49 | 49.00 | 1 | 1 | 6.02 | 11.11 |
| History - Other | 0 | 1 | 0 | 0 | 10 | 66 | 66.00 | 0 | 1 | 3.85 | 9.26 |
| Religion | 0 | 1 | 0 | 1 | 10 | 113 | 113.00 | 0 | 0 | 0.00 | 1.85 |
| Social Science | 0 | 1 | 0 | 0 | 10 | 27 | 27.00 | 0 | 1 | 12.68 | 15.15 |
| Fine Arts - Other | 0 | 1 | 0 | 0 | 10 | 59 | 59.00 | 0 | 0 | 5.31 | 4.63 |
| Fine Arts - Painting and Sculpture | 0 | 1 | 0 | 0 | 10 | 40 | 40.00 | 0 | 1 | 7.31 | 8.08 |
| Science - Other | 0 | 1 | 0 | 0 | 10 | 84 | 84.00 | 0 | 0 | 2.92 | 4.63 |
| Science - Physics | 0 | 1 | 0 | 0 | 10 | 50 | 50.00 | 0 | 1 | 6.06 | 9.09 |
| Current Events | 0 | 0 | 1 | 0 | -5 | 0.00 | 0 | 0 | 0.00 | 0.00 | |
| Fine Arts - Classical Music | 0 | 0 | 1 | 0 | -5 | 0.00 | 0 | 0 | 0.00 | 0.00 | |
| Science - Chemistry | 0 | 0 | 1 | 0 | -5 | 0.00 | 0 | 0 | 0.00 | 0.00 |